Flags of Modern East Asia History - Statistics

General Stats
  • This quiz has been taken 65 times
  • The average score is 11 of 25
Answer Stats
Picture Answer % Correct
Japan
100%
People's Republic of China
100%
Democratic People's Republic of Korea
98%
Republic of China
98%
Republic of Korea
98%
Hong Kong
96%
Macao
75%
Great Qing
70%
Tibet
66%
Manchukuo
38%
Chinese Communist Party
34%
Kuomintang
32%
Joseon
21%
Ryukyu Kingdom
21%
Reorganized National Government of the Republic of China
19%
Jiangxi Soviet
17%
Imperial Japanese Army
15%
Imperial Japanese Navy
15%
Mengjiang
15%
Worker's Party of Korea
15%
Five Races Under One Union
13%
Korean Empire
13%
Wuchang Uprising
11%
Karafuto Prefecture
6%
Korean Reunification
6%
No matching quizzes found
Score Distribution
Percent of People with Each Score
Percentile by Number Answered
Your Score History
You have not taken this quiz